000 01801cam a22004574i 4500
003 PE-LiUPU
005 20250731173326.0
008 150625s r 000 0 d
020 _a9780664222208
035 _a(Sirsi) i9780664222208
040 _aPE-LiUPU
_bspa
_cPE-LiUPU
_erda
049 _aPRUA
082 0 4 _a220.071
_bB84
_221
100 1 _aBrown, Michael Joseph,
_eautor.
245 1 0 _aWhat they don't tell you a survivor's guide to biblical studies /
_cMichael Joseph Brown.
264 1 _aLouisville, Kentucky :
_bWestminster John Knox Press,
_c2000.
300 _a157 páginas ;
_c23 centímetros
336 _atext
_2rdacontent
337 _aunmediated
_2rdamedia
338 _avolume
_2rdacarrier
505 0 _aThe aims of Bible Study and the Aims of Biblical Scholarship. -Rules of thumb for reading and interpreting biblical texts. -Rules of Thumb for understanding Biblical Scholarship. -Rules of Thumb for surviving biblical Scholarship. -Concluding remarks.
526 _aSEG42
526 _aSEG41
526 _aSEG40
526 _aSEG39
526 _aP94
526 _aP87
526 _aP86
526 _aP85
526 _aP77
526 _aP76
526 _aP35
541 _g103-8190058-5681041;
630 _aBiblia
_xEstudio y enseñanza.
910 _bjv
_clch
_d20081016
942 _2ddc
_cBOOK
949 _a220.071 B84
_wDEWEY
_c1
_i58647
_lCCODEBUL1
_mBUL
_p13.00
_r0
_sY
_tBOOK
_u2015-6-25
_xTEOLOGIA
_zUNKNOWN
_0COMPRA
_o.STAFF. Colección General
994 _aC0
_bPEPRU
596 _a1
999 _a220.071 B84
_wDEWEY
_c47528
_i58647
_d47528
_e2018-5-23
_f2021-11-9
_g5
_lCCODEBUL1
_mBUL
_n1
_p13.00
_r0
_sY
_tBOOK
_u2015-6-25
_xTEOLOGIA
_zUNKNOWN
_0COMPRA
_o.STAFF. Colección General
980 _81
_gALBERTO SANCHEZ Responsable de Automatización